Cançoes d'um emigrado (Record no. 158549)

MARC details
000 -LEADER
campo de control de longitud fija 00538nam a2200157 i 4500
001 - NÚMERO DE CONTROL
campo de control 158549
003 - IDENTIFICADOR DE NÚMERO DE CONTROL
campo de control ES-MaACL
005 - FECHA Y HORA DE LA ÚLTIMA TRANSACCIÓN
campo de control 20230906211207.0
008 - DATOS DE LONGITUD FIJA--INFORMACIÓN GENERAL
campo de control de longitud fija 040901s1892 po |||| | por d
040 ## - FUENTE DE CATALOGACIÓN
Centro catalogador/agencia de origen CAM
Lengua de catalogación spa
Centro/agencia transcriptor CAM
100 1# - ENTRADA PRINCIPAL--NOMBRE DE PERSONA
Nombre de persona Malafaia, Augusto.
9 (RLIN) 129373
245 10 - MENCIÓN DEL TÍTULO
Título Cançoes d'um emigrado
Resto del título : primeiros versos /
Mención de responsabilidad, etc. Augusto Malafaia.
260 ## - PUBLICACIÓN, DISTRIBUCIÓN, ETC.
Lugar de publicación, distribución, etc. Porto :
Nombre del editor, distribuidor, etc. Imprensa Nacional,
Fecha de publicación, distribución, etc. 1892.
300 ## - DESCRIPCIÓN FÍSICA
Extensión 38, [2] p. ;
Dimensiones 19 cm.
852 ## - LOCALIZACIÓN
Ubicación ES-MaACL
Número de control de estantería T-650-F-5
Nota libre -- Enc. hol., conservando la cub. original
-- -- Enc. en un vol. facticio
Holdings
Estatus retirado Estado de pérdida Estado de daño No para préstamo Colección Biblioteca de origen Biblioteca actual Ubicación en estantería Fecha de adquisición Total de préstamos Signatura topográfica completa Código de barras Visto por última vez Precio de reemplazo Tipo de ítem Koha
        Colección de folletos Biblioteca del Ateneo de Madrid Biblioteca del Ateneo de Madrid Depósito folletos 17/01/2008   T-650-F-5 1165948 23/02/2023 23/02/2023 Folleto